[Event "Memorial Aldo Basile A"]
[Site "Napoli ITA"]
[Date "2007.06.14"]
[Round "2"]
[White "Della Ragione, Achille"]
[Black "Radice, Mario"]
[Result "0-1"]
[WhiteElo "2022"]
[BlackElo "1988"]
[PlyCount "112"]
[EventDate "2007.06.07"]

1. c4 Nf6 2. Nc3 d5 3. cxd5 Nxd5 4. g3 g6 5. Bg2 Nb6 6. d3 Bg7 7. h4 Nc6 8. h5
Be6 9. hxg6 hxg6 10. Rxh8+ Bxh8 11. a4 Na5 12. Ra3 Qd6 13. Bf4 Qb4 14. Bc1
O-O-O 15. Qc2 Bb3 16. Rxb3 Nxb3 17. Kf1 Bxc3 18. bxc3 Qxa4 19. Bh3+ Kb8 20. Nf3
Nxc1 21. Qxc1 Rh8 22. Bg2 Nd5 23. e4 Nf6 24. Ng5 Qb3 25. Nf3 Rh5 26. Nd4 Qa2
27. Nc2 Rb5 28. Nb4 Qb3 29. Qc2 Qxc2 30. Nxc2 Ng4 31. Bh3 Rb2 32. Bxg4 Rxc2 33.
c4 a5 34. Ke1 Ka7 35. Bd1 Ra2 36. Bb3 Rb2 37. Bd1 Kb6 38. d4 Rb1 39. Kd2 Rxd1+
40. Kxd1 a4 41. Kc2 Ka5 42. Kc3 b5 43. cxb5 Kxb5 44. d5 Kc5 45. f3 a3 46. Kb3
Kd4 47. Kxa3 Ke3 48. Kb4 Kxf3 49. Kc5 Kxe4 50. Kc6 Ke5 51. Kxc7 Kxd5 52. Kd7 e5
53. Ke7 f5 54. Kf6 e4 55. Kxg6 Ke5 56. Kg5 e3 0-1

[Event "Memorial Aldo Basile A"]
[Site "Napoli ITA"]
[Date "2007.06.14"]
[Round "2"]
[White "Di Giulio, Massimo"]
[Black "Benedetto, Massimo"]
[Result "1-0"]
[WhiteElo "2007"]
[BlackElo "2033"]
[PlyCount "72"]
[EventDate "2007.06.07"]

1. b3 e5 2. Bb2 Nc6 3. e3 d5 4. Bb5 Bd6 5. f4 Qh4+ 6. g3 Qe7 7. Nf3 f6 8. Nc3
Qf7 9. Qe2 a6 10. Bxc6+ bxc6 11. O-O e4 12. Nh4 Nh6 13. h3 a5 14. g4 Ba6 15.
Qf2 O-O-O 16. d3 exd3 17. cxd3 Bc5 18. Nf3 Rde8 19. Rae1 Rhf8 20. Na4 Bd6 21.
Bd4 Qe7 22. Qc2 Bb7 23. Nc5 Ba8 24. Qc3 Nf7 25. Qxa5 Bb7 26. Re2 g5 27. Qa7
Bxc5 28. Qxc5 Nd6 29. f5 Qd7 30. a4 Kd8 31. Qc3 Qf7 32. Bc5 Kd7 33. Nd4 Ra8 34.
Ne6 Rfb8 35. e4 Kc8 36. exd5 cxd5 1-0

[Event "Memorial Aldo Basile A"]
[Site "Napoli ITA"]
[Date "2007.06.14"]
[Round "2"]
[White "Esposito, Pino"]
[Black "Gallo, Thomas Renato"]
[Result "1-0"]
[WhiteElo "1789"]
[BlackElo "1840"]
[PlyCount "61"]
[EventDate "2007.06.07"]

1. e4 d6 2. d4 g6 3. Nc3 Bg7 4. f4 Nc6 5. Nf3 Nh6 6. Be2 O-O 7. O-O Bd7 8. Be3
e6 9. h3 f5 10. e5 Ne7 11. Qe1 Nf7 12. Rd1 a6 13. g4 h6 14. Kh2 Qe8 15. Rg1 Kh7
16. Bd3 Bc6 17. Nh4 dxe5 18. gxf5 e4 19. fxg6+ Kh8 20. gxf7 Qxf7 21. Nxe4 Rad8
22. Nc5 Rg8 23. Qf2 Bf6 24. f5 e5 25. Ne6 Rd7 26. Rxg8+ Nxg8 27. Ng6+ Kh7 28.
Nef8+ Kg7 29. Rg1 Qe8 30. Nxd7 Bxd7 31. Ne7+ 1-0

[Event "Memorial Aldo Basile A"]
[Site "Napoli ITA"]
[Date "2007.06.14"]
[Round "2"]
[White "Improta, Giovanni"]
[Black "Sorrentino, Michele"]
[Result "0-1"]
[WhiteElo "1917"]
[BlackElo "2017"]
[PlyCount "67"]
[EventDate "2007.06.07"]

1. d4 Nf6 2. Nd2 g6 3. e4 d6 4. h3 Bg7 5. Be2 O-O 6. g4 e5 7. d5 c6 8. c4 Nbd7
9. g5 Ne8 10. Nb3 a5 11. a4 Qe7 12. Bd2 cxd5 13. cxd5 b6 14. Rc1 f5 15. exf5
Rxf5 16. Bg4 Rf8 17. h4 Nc5 18. Nxc5 bxc5 19. h5 Qf7 20. Be3 Nc7 21. hxg6 hxg6
22. Bf3 Bb7 23. Rc2 Bxd5 24. Bxd5 Nxd5 25. Qe2 Nb4 26. Rd2 e4 27. Rxd6 Nd3+ 28.
Kf1 Rab8 29. Nh3 Qf5 30. Qc2 Qf3 31. Qc4+ Rf7 32. Rd7 Qxh1+ 33. Ng1 Ne5 34. Qe6
0-1

[Event "Memorial Aldo Basile A"]
[Site "Napoli ITA"]
[Date "2007.06.14"]
[Round "2"]
[White "Ricci, Giuseppe"]
[Black "Capozzoli, Silvio"]
[Result "1/2-1/2"]
[WhiteElo "1971"]
[BlackElo "1870"]
[PlyCount "128"]
[EventDate "2007.06.07"]

1. e4 c5 2. Nf3 Nc6 3. d4 cxd4 4. Nxd4 Nf6 5. Nc3 g6 6. Be3 Bg7 7. Bc4 Nxe4 8.
Bxf7+ Kxf7 9. Nxe4 Qa5+ 10. c3 Nxd4 11. Bxd4 Qf5 12. Ng3 Qe6+ 13. Be3 Bh6 14.
O-O Bxe3 15. fxe3+ Kg7 16. Qd4+ Kg8 17. Qf4 Kg7 18. Ne4 d6 19. Ng5 Qf6 20. Qh4
Bf5 21. e4 h6 22. Ne6+ Qxe6 23. exf5 Qe3+ 24. Kh1 Qg5 25. Qe4 Rhf8 26. f6+ exf6
27. Qxb7+ Kh8 28. b4 d5 29. Rfd1 Rfd8 30. Rd3 a5 31. b5 Rab8 32. Qc6 Rbc8 33.
Qe6 d4 34. Rxd4 Re8 35. Qh3 Qe3 36. Qxe3 Rxe3 37. c4 Rc3 38. Rb1 R3xc4 39. Rxc4
Rxc4 40. b6 Rc8 41. a4 Kg7 42. Kg1 Kf7 43. Rb5 Rb8 44. Rxa5 Rxb6 45. Ra7+ Ke6
46. a5 Rb2 47. a6 Ra2 48. Ra8 h5 49. a7 Kf5 50. Kf1 g5 51. Ke1 Kg4 52. Kd1 f5
53. Kc1 f4 54. Kb1 Ra6 55. Kb2 Kh4 56. Kc3 g4 57. Kd4 f3 58. gxf3 gxf3 59. Ke3
Ra3+ 60. Kf2 Kh3 61. Rh8 Rxa7 62. Rxh5+ Kg4 63. Rh8 Ra2+ 64. Kf1 Ra1+ 1/2-1/2

[Event "Memorial Aldo Basile A"]
[Site "Napoli ITA"]
[Date "2007.06.14"]
[Round "2"]
[White "Supino, Domenico"]
[Black "De Fazio, Giovanni"]
[Result "1-0"]
[WhiteElo "2038"]
[BlackElo "1631"]
[PlyCount "59"]
[EventDate "2007.06.07"]

1. e4 d5 2. exd5 Nf6 3. c4 c6 4. d4 cxd5 5. Nc3 Bf5 6. Qb3 Nc6 7. cxd5 Na5 8.
Qa4+ Bd7 9. Bb5 a6 10. Bxd7+ Nxd7 11. Nf3 b5 12. Qd1 Nb6 13. O-O Nxd5 14. Nxd5
Qxd5 15. Re1 e6 16. Re5 Qd7 17. d5 Be7 18. Qe1 Nb7 19. dxe6 fxe6 20. Rxe6 Nc5
21. Re2 h6 22. Ne5 Qc7 23. Ng6 O-O-O 24. Nxe7+ Kb7 25. Ng6 Nd3 26. Qf1 Rhe8 27.
Be3 Rd5 28. g3 Ne5 29. Nxe5 Rdxe5 30. Bf4 1-0

[Event "Memorial Aldo Basile A"]
[Site "Napoli ITA"]
[Date "2007.06.21"]
[Round "3"]
[White "Benedetto, Massimo"]
[Black "Esposito, Rosario"]
[Result "1-0"]
[WhiteElo "2033"]
[BlackElo "1811"]
[PlyCount "113"]
[EventDate "2007.06.07"]

1. b3 e5 2. Bb2 Nc6 3. e3 d6 4. c4 Bf5 5. Nc3 Nf6 6. a3 Be7 7. d3 O-O 8. Be2 a6
9. Bf3 Qd7 10. Qc2 Rab8 11. Nge2 b5 12. cxb5 axb5 13. Nxb5 Nb4 14. axb4 Qxb5
15. Nc1 Qxb4+ 16. Bc3 Qb5 17. O-O c5 18. Ra5 Qb6 19. Qa2 Be6 20. Ra6 Qd8 21.
Ba5 Qe8 22. Bc7 Qd7 23. Bxb8 Rxb8 24. Ra8 Qc7 25. Rxb8+ Qxb8 26. Qa8 Qxa8 27.
Bxa8 Nd7 28. Rd1 d5 29. d4 cxd4 30. exd4 Nb6 31. Bc6 e4 32. h3 f5 33. Ne2 g5
34. Ra1 Kf7 35. Ra6 Nc8 36. Nc3 Bf6 37. Ra4 Ne7 38. Bb7 f4 39. Nb5 Kg6 40. Nc7
Bf7 41. Ra6 Kf5 42. Nb5 Kg6 43. Nd6 Kg7 44. Nxf7 Kxf7 45. Rd6 Bxd4 46. Bxd5+
Nxd5 47. Rxd5 Bf6 48. Rd7+ Kg6 49. b4 e3 50. Kf1 Bc3 51. b5 Ba5 52. Rd6+ Kf5
53. b6 Ke5 54. b7 Bc7 55. Rd7 Bb8 56. Rd8 f3 57. gxf3 1-0

[Event "Memorial Aldo Basile A"]
[Site "Napoli ITA"]
[Date "2007.06.21"]
[Round "3"]
[White "De Fazio, Giovanni"]
[Black "Accardo, Francesco"]
[Result "0-1"]
[WhiteElo "1631"]
[BlackElo "1851"]
[PlyCount "80"]
[EventDate "2007.06.07"]

1. e4 a6 2. d4 b5 3. Bd3 Bb7 4. Nf3 e6 5. O-O c5 6. c3 Nf6 7. Bg5 Qc7 8. Bxf6
gxf6 9. Re1 h5 10. h4 Nc6 11. Nbd2 Ne7 12. Nf1 Ng6 13. e5 f5 14. g3 Qc6 15.
N1h2 Be7 16. d5 Qxd5 17. Bf1 f4 18. Qxd5 Bxd5 19. b3 fxg3 20. fxg3 f5 21. Bd3
Rg8 22. Kf2 O-O-O 23. Nf1 f4 24. Be4 fxg3+ 25. Nxg3 Nxh4 26. Nxh5 Nxf3 27. Kxf3
Rdf8+ 28. Ke3 Bg5+ 29. Kd3 c4+ 30. bxc4 Bxc4+ 31. Kd4 Rf2 32. Rg1 Rd2+ 33. Kc5
Be3+ 34. Kb4 Rxg1 35. Rxg1 Bxg1 36. a4 Kc7 37. Nf6 Rb2+ 38. Ka5 Ra2 39. Ne8+
Kd8 40. Nd6 Rxa4# 0-1

[Event "Memorial Aldo Basile A"]
[Site "Napoli ITA"]
[Date "2007.06.21"]
[Round "3"]
[White "Gallo, Thomas Renato"]
[Black "Vannini, Aldo"]
[Result "1-0"]
[WhiteElo "1840"]
[BlackElo "1983"]
[PlyCount "41"]
[EventDate "2007.06.07"]

1. d4 Nf6 2. c4 g6 3. Nc3 Bg7 4. g3 O-O 5. Bg2 d6 6. Nf3 Re8 7. O-O Nbd7 8. Bg5
Rb8 9. Qd2 e5 10. dxe5 Nxe5 11. Nxe5 Rxe5 12. Bf4 Re8 13. c5 Nh5 14. Bh6 Bxh6
15. Qxh6 dxc5 16. Rad1 Qe7 17. Rd2 c6 18. Ne4 Nf6 19. Ng5 Qf8 20. Qh4 h5 21.
Qf4 1-0

[Event "Memorial Aldo Basile A"]
[Site "Napoli ITA"]
[Date "2007.06.21"]
[Round "3"]
[White "Lombardo, Michele"]
[Black "Pinto, Gaetano"]
[Result "0-1"]
[WhiteElo "1827"]
[BlackElo "2062"]
[PlyCount "106"]
[EventDate "2007.06.07"]

1. e4 d6 2. Nf3 Nf6 3. Nc3 e5 4. h3 c6 5. d4 Nbd7 6. Bg5 Be7 7. Bd3 Qc7 8. O-O
O-O 9. Bh4 b5 10. a3 Bb7 11. g4 g6 12. Re1 Rfe8 13. Bg3 Rad8 14. Bf1 Bf8 15.
Bg2 a6 16. Bh4 Bg7 17. Qd2 Nf8 18. Bg3 N6d7 19. Rad1 Nb6 20. b3 Ne6 21. dxe5
dxe5 22. Qe3 Nc8 23. Rxd8 Rxd8 24. Nd1 Ne7 25. Nb2 h6 26. Nd3 f6 27. Nh4 Nd4
28. Rc1 g5 29. Nf3 Ne6 30. Nd2 Bf8 31. f3 Ng6 32. Bf2 Ngf4 33. Nxf4 Nxf4 34.
Nf1 Bxa3 35. Ra1 Bb2 36. Rb1 Bd4 37. Qe1 Qb6 38. Be3 Bc8 39. Kh2 Be6 40. Rd1
Kf7 41. Ng3 Bxe3 42. Rxd8 Qxd8 43. Qxe3 Qd4 44. Qe1 a5 45. Nf5 Bxf5 46. gxf5
Qb4 47. Qd1 Ke7 48. Bf1 h5 49. c4 Qc5 50. Qd2 b4 51. Qa2 h4 52. Qc2 Qe3 53. Bg2
Qe2 0-1

[Event "Memorial Aldo Basile A"]
[Site "Napoli ITA"]
[Date "2007.06.21"]
[Round "3"]
[White "Nardiello, Luigi"]
[Black "Improta, Giovanni"]
[Result "1/2-1/2"]
[WhiteElo "1701"]
[BlackElo "1917"]
[PlyCount "99"]
[EventDate "2007.06.07"]

1. e4 c5 2. Nf3 d6 3. d4 cxd4 4. Nxd4 Nf6 5. Nc3 a6 6. f3 g6 7. Be3 e5 8. Nb3
Be6 9. Qd2 Nc6 10. g4 Qd7 11. Nd5 Bxd5 12. exd5 Ne7 13. c4 Bg7 14. h4 e4 15.
Bh3 exf3 16. Bd4 Ne4 17. Qf4 Bxd4 18. Nxd4 f2+ 19. Kf1 Nc5 20. Qxf2 Qa4 21. b3
Qb4 22. Qe3 Nd7 23. Re1 Ne5 24. Nf3 f6 25. Qh6 O-O-O 26. Nd4 Qc3 27. Qe3 Qb4
28. Rh2 Kb8 29. Rc2 Rc8 30. Rec1 f5 31. gxf5 gxf5 32. Nf3 N7g6 33. Nxe5 Nxe5
34. Bxf5 Rce8 35. Qh3 Rhf8 36. Kg2 Rg8+ 37. Kh2 Qc5 38. Rg2 Qd4 39. Rcg1 Qf4+
40. Kh1 Rxg2 41. Rxg2 Qf1+ 42. Kh2 Nf3+ 43. Kg3 Rg8+ 44. Bg4 Qd3 45. Kf2 Ne5
46. Qxd3 Nxd3+ 47. Kf1 Nf4 48. Rg1 Rf8 49. Ke1 Rg8 50. Kf1 1/2-1/2

[Event "Memorial Aldo Basile A"]
[Site "Napoli ITA"]
[Date "2007.06.21"]
[Round "3"]
[White "Sorrentino, Michele"]
[Black "Di Giulio, Massimo"]
[Result "1-0"]
[WhiteElo "2017"]
[BlackElo "2007"]
[PlyCount "51"]
[EventDate "2007.06.07"]

1. d4 Nf6 2. c4 g6 3. Nc3 Bg7 4. e4 d6 5. Be2 O-O 6. Bg5 c5 7. Be3 cxd4 8. Bxd4
Nc6 9. Be3 Be6 10. Nf3 Na5 11. Nd2 Rc8 12. b3 Qd7 13. Rc1 Nc6 14. O-O Ng4 15.
Bxg4 Bxg4 16. f3 Be6 17. Ndb1 f5 18. Qd2 b6 19. Na3 fxe4 20. Nxe4 Ne5 21. Nc2
Kh8 22. Nd4 Bf5 23. Nxf5 Qxf5 24. Rcd1 Qh5 25. Ng3 Qh4 26. Bg5 1-0

[Event "Memorial Aldo Basile A"]
[Site "Napoli ITA"]
[Date "2007.06.21"]
[Round "3"]
[White "Supino, Domenico"]
[Black "Della Corte, Alessandro"]
[Result "0-1"]
[WhiteElo "2038"]
[BlackElo "2250"]
[PlyCount "72"]
[EventDate "2007.06.07"]

1. e4 c5 2. c3 Nf6 3. e5 Nd5 4. Nf3 Nc6 5. Bc4 Nb6 6. Bb3 c4 7. Bc2 g5 8. h3
Bg7 9. Qe2 Qc7 10. e6 dxe6 11. Nxg5 Qe5 12. d4 cxd3 13. Bxd3 Qxe2+ 14. Bxe2 O-O
15. Na3 f5 16. O-O h6 17. Nf3 e5 18. Nc2 Be6 19. b3 Rfd8 20. Bb2 Nd5 21. Rfd1
Nf4 22. Bf1 Bd5 23. Nh4 Be4 24. Ne3 e6 25. Ba3 Bf6 26. Nf3 Nxh3+ 27. gxh3 Bxf3
28. Re1 e4 29. Bc4 Bxc3 30. Bxe6+ Kh8 31. Nxf5 Kh7 32. Rac1 Bxe1 33. Rxe1 Rd2
34. Bc1 Rxa2 35. Bxh6 Re8 36. Bd7 Rg8+ 0-1

[Event "Memorial Aldo Basile A"]
[Site "Napoli ITA"]
[Date "2007.06.29"]
[Round "4"]
[White "Della Corte, Alessandro"]
[Black "Sorrentino, Michele"]
[Result "1-0"]
[WhiteElo "2250"]
[BlackElo "2017"]
[PlyCount "120"]
[EventDate "2007.06.07"]

1. Nf3 Nf6 2. c4 g6 3. Nc3 Bg7 4. g3 d6 5. Bg2 O-O 6. O-O e5 7. d3 c6 8. Rb1
Bd7 9. c5 Qe7 10. cxd6 Qxd6 11. Ng5 Na6 12. h3 Nc5 13. b4 Ne6 14. Nge4 Nxe4 15.
Nxe4 Qe7 16. Nc5 Nxc5 17. bxc5 Be6 18. Qa4 Rfd8 19. Be3 Qd7 20. Rb4 Bf8 21. Rb2
Bg7 22. Rfb1 b5 23. cxb6 axb6 24. Qxc6 Qxc6 25. Bxc6 Rxa2 26. Rxa2 Bxa2 27.
Rxb6 Be6 28. h4 h6 29. Kf1 Rc8 30. Ke1 Bf8 31. Be4 Kg7 32. Rb5 Bd6 33. Kd2 Bd7
34. Rb7 Be6 35. f4 exf4 36. Bxf4 Ba3 37. Be5+ Kh7 38. h5 Bc1+ 39. Ke1 Be3 40.
hxg6+ Kg8 41. gxf7+ Bxf7 42. Rb8 Rxb8 43. Bxb8 Bd4 44. Kd2 Kg7 45. e3 Bf6 46.
d4 h5 47. Kd3 Be6 48. Bf3 h4 49. gxh4 Bxh4 50. Be5+ Kf7 51. d5 Bd7 52. Kd4 Bf2
53. Bh5+ Ke7 54. Ke4 Bh3 55. Bc3 Bg2+ 56. Bf3 Bh3 57. Bb4+ Kd7 58. Bc5 Bg3 59.
Be2 Bg2+ 60. Kd4 Bf2 1-0

[Event "Memorial Aldo Basile A"]
[Site "Napoli ITA"]
[Date "2007.06.29"]
[Round "4"]
[White "Di Giulio, Massimo"]
[Black "Accardo, Francesco"]
[Result "1-0"]
[WhiteElo "2007"]
[BlackElo "1851"]
[PlyCount "57"]
[EventDate "2007.06.07"]

1. b3 Nf6 2. Bb2 e6 3. e3 b6 4. f4 Bb7 5. Nf3 Be7 6. Be2 d5 7. O-O Nbd7 8. c4
O-O 9. Nc3 c5 10. Qe1 Re8 11. Qg3 Bf8 12. Qh3 a6 13. Nd1 b5 14. Nf2 g6 15. Ne5
b4 16. Nfg4 Nh5 17. Nxd7 Qxd7 18. Ne5 Qd8 19. Bxh5 f6 20. Nxg6 Bg7 21. Ne5 Rf8
22. Qxe6+ Kh8 23. Nf7+ Rxf7 24. Qxf7 Rb8 25. Bf3 Qd6 26. cxd5 Bc8 27. Qh5 Rb7
28. Be4 f5 29. Qe8+ 1-0

[Event "Memorial Aldo Basile A"]
[Site "Napoli ITA"]
[Date "2007.06.29"]
[Round "4"]
[White "Esposito, Pino"]
[Black "Supino, Domenico"]
[Result "0-1"]
[WhiteElo "1789"]
[BlackElo "2038"]
[PlyCount "100"]
[EventDate "2007.06.07"]

1. Nf3 d5 2. g3 c5 3. Bg2 Nc6 4. O-O Nf6 5. d3 e5 6. Nbd2 Be7 7. e4 dxe4 8.
dxe4 O-O 9. c3 Qc7 10. Qc2 h6 11. Nc4 Be6 12. Ne3 Rfd8 13. b3 Rd7 14. Bb2 Rad8
15. Rad1 Rxd1 16. Rxd1 Rxd1+ 17. Nxd1 c4 18. b4 b5 19. h3 Qd7 20. Kh2 Qd3 21.
Ne1 Qd7 22. Bc1 Bd8 23. Be3 Bb6 24. Bxb6 axb6 25. Ne3 g6 26. Qc1 Kg7 27. N3c2
Nh7 28. Qe3 Qd8 29. f4 exf4 30. gxf4 Qc7 31. Kh1 Nf6 32. Nf3 Nh5 33. e5 Ng3+
34. Kg1 Nf5 35. Qf2 Qd8 36. Ncd4 Ncxd4 37. Nxd4 Nxd4 38. cxd4 c3 39. Be4 Bxh3
40. d5 Qc8 41. Qg3 Bf5 42. Bxf5 Qxf5 43. Qxc3 Qb1+ 44. Kf2 Qxa2+ 45. Kg3 Qc4
46. Qf3 Qxb4 47. d6 Qd4 48. Qb3 Qg1+ 49. Kf3 Qf1+ 50. Ke3 Qh3+ 0-1

[Event "Memorial Aldo Basile A"]
[Site "Napoli ITA"]
[Date "2007.06.29"]
[Round "4"]
[White "Esposito, Rosario"]
[Black "De Fazio, Giovanni"]
[Result "1-0"]
[WhiteElo "1811"]
[BlackElo "1631"]
[PlyCount "65"]
[EventDate "2007.06.07"]

1. d4 Nf6 2. c4 e6 3. Nc3 b6 4. e4 d6 5. Bg5 Be7 6. Bd3 Bb7 7. Nf3 c5 8. dxc5
dxc5 9. Qc2 Nc6 10. a3 Qc7 11. Nb5 Qd8 12. e5 Ng4 13. Bxe7 Qxe7 14. Nd6+ Kf8
15. Nxb7 Qxb7 16. Be4 Qc7 17. O-O Rd8 18. Bxc6 Qxc6 19. Rad1 Ke7 20. Rxd8 Kxd8
21. Rd1+ Ke7 22. Qd2 f6 23. h3 Nxe5 24. Nxe5 fxe5 25. Qg5+ Kf7 26. Qxe5 Re8 27.
Rd6 Qc8 28. Qe4 Kg8 29. Qd3 Qb8 30. Rd7 Qe5 31. Qd2 Qb8 32. Qg5 g6 33. Qf6 1-0

[Event "Memorial Aldo Basile A"]
[Site "Napoli ITA"]
[Date "2007.06.29"]
[Round "4"]
[White "Improta, Giovanni"]
[Black "Benedetto, Massimo"]
[Result "0-1"]
[WhiteElo "1917"]
[BlackElo "2033"]
[PlyCount "78"]
[EventDate "2007.06.07"]

1. e4 c5 2. Nf3 d6 3. d4 cxd4 4. Nxd4 Nf6 5. Nc3 e6 6. Be2 Be7 7. O-O a6 8. a4
O-O 9. f4 Nbd7 10. f5 e5 11. Nf3 Nc5 12. Nd2 Re8 13. b4 Ncd7 14. Nc4 Nb6 15.
Ne3 d5 16. exd5 Bxb4 17. Bb2 Bc5 18. Rf3 Nbxd5 19. Ncxd5 Nxd5 20. Bc1 Nxe3 21.
Bxe3 Bxe3+ 22. Rxe3 Qxd1+ 23. Rxd1 Bxf5 24. c3 f6 25. Bc4+ Kf8 26. Bd5 Rad8 27.
c4 Be6 28. Red3 Bxd5 29. cxd5 Rd6 30. Rb3 Red8 31. Rxb7 Rxd5 32. Rdb1 Rd1+ 33.
Rxd1 Rxd1+ 34. Kf2 Rd4 35. Rb8+ Kf7 36. a5 Ra4 37. Rb7+ Kg6 38. g3 Rxa5 39. h4
h5 0-1

[Event "Memorial Aldo Basile A"]
[Site "Napoli ITA"]
[Date "2007.06.29"]
[Round "4"]
[White "Radice, Mario"]
[Black "Gallo, Thomas Renato"]
[Result "1-0"]
[WhiteElo "1988"]
[BlackElo "1840"]
[PlyCount "70"]
[EventDate "2007.06.07"]

1. e4 e6 2. d4 d5 3. e5 c5 4. c3 Nc6 5. Nf3 Nge7 6. Bd3 cxd4 7. cxd4 Qb6 8. O-O
Bd7 9. Nbd2 Nxd4 10. Nxd4 Qxd4 11. Nf3 Qb6 12. Qe2 Nc6 13. Be3 Bc5 14. Bxc5
Qxc5 15. Rac1 Qa5 16. a3 O-O 17. Bxh7+ Kxh7 18. Ng5+ Kg6 19. f4 f5 20. exf6
gxf6 21. Qd3+ f5 22. Rfe1 Rae8 23. Qg3 Rg8 24. Nxe6+ Kf7 25. Ng5+ Rxg5 26. fxg5
Rxe1+ 27. Rxe1 Qc5+ 28. Kh1 Qa5 29. h4 Qd2 30. h5 Nd4 31. Qe5 Qxg5 32. Qxd5+
Be6 33. Qxd4 Qxh5+ 34. Kg1 a6 35. Qb6 Qh4 1-0

[Event "Memorial Aldo Basile A"]
[Site "Napoli ITA"]
[Date "2007.06.29"]
[Round "4"]
[White "Ricci, Giuseppe"]
[Black "Vannini, Aldo"]
[Result "1-0"]
[WhiteElo "1971"]
[BlackElo "1983"]
[PlyCount "67"]
[EventDate "2007.06.07"]

1. e4 c5 2. Nf3 d6 3. d4 cxd4 4. Nxd4 Nf6 5. Nc3 a6 6. Be2 e6 7. O-O Be7 8. Be3
O-O 9. a4 Bd7 10. f4 Nc6 11. Nb3 Rc8 12. a5 Nb4 13. Bf3 e5 14. f5 Ra8 15. Na4
Bxa4 16. Rxa4 Nc6 17. c3 Qd7 18. Ra1 Rfc8 19. Qe2 Na7 20. Rfd1 Qb5 21. Qc2 Qe8
22. Nd2 Qc6 23. Ra4 Nb5 24. Nc4 Rf8 25. Nb6 Rad8 26. Rc4 Qe8 27. Qb3 Nd7 28.
Nd5 Nc5 29. Qc2 Rc8 30. b4 Na3 31. Qe2 Nxc4 32. Qxc4 Nd7 33. Qxc8 Qxc8 34.
Nxe7+ 1-0

[Event "Memorial Aldo Basile A"]
[Site "Napoli ITA"]
[Date "2007.06.29"]
[Round "4"]
[White "Schiappoli, Dario"]
[Black "Della Ragione, Achille"]
[Result "1-0"]
[WhiteElo "1923"]
[BlackElo "2022"]
[PlyCount "120"]
[EventDate "2007.06.07"]

1. e4 d5 2. exd5 Nf6 3. d4 Nxd5 4. c4 Nb6 5. Nf3 c5 6. d5 e6 7. Nc3 Be7 8. Bd3
O-O 9. h4 h6 10. Bc2 exd5 11. Qd3 f5 12. cxd5 Bf6 13. Be3 c4 14. Qd2 Bxc3 15.
Qxc3 Qxd5 16. Rd1 Qe6 17. Nd4 Qf6 18. Nb5 Qxc3+ 19. bxc3 Na6 20. Nxa7 Rxa7 21.
Bxb6 Ra8 22. O-O Be6 23. Rfe1 Kf7 24. Ba4 Nb8 25. Bb5 Rxa2 26. Rxe6 Rc8 27. Re5
g6 28. Rc5 Rxc5 29. Bxc5 Rc2 30. Bxc4+ Ke8 31. Bb5+ Nc6 32. Re1+ Kd7 33. c4 Rd2
34. Re7+ Kd8 35. Rxb7 Ne5 36. f3 g5 37. hxg5 hxg5 38. Be7+ Kc8 39. Ba6 Ra2 40.
Rb5+ Rxa6 41. Rxe5 g4 42. Rxf5 g3 43. Kf1 Ra1+ 44. Ke2 Ra2+ 45. Ke3 Rxg2 46.
Bd6 Rc2 47. Rc5+ Kd7 48. Bxg3 Rc3+ 49. Ke4 Ke6 50. Be5 Rc1 51. Rc6+ Kd7 52. Kd5
Rd1+ 53. Bd4 Rf1 54. Rf6 Ke7 55. c5 Rc1 56. f4 Rc2 57. f5 Re2 58. Re6+ Rxe6 59.
fxe6 Kf8 60. Bg1 Ke7 1-0

[Event "Memorial Aldo Basile A"]
[Site "Napoli ITA"]
[Date "2007.07.05"]
[Round "5"]
[White "Benedetto, Massimo"]
[Black "Della Corte, Alessandro"]
[Result "1-0"]
[WhiteElo "2033"]
[BlackElo "2250"]
[PlyCount "63"]
[EventDate "2007.06.07"]

1. d4 g6 2. e4 Bg7 3. Nc3 d6 4. h3 Nd7 5. Nf3 a6 6. a4 b6 7. Bd3 Bb7 8. O-O e6
9. Re1 Ne7 10. Qe2 O-O 11. Bf4 h6 12. e5 d5 13. a5 c5 14. Qd2 cxd4 15. Nxd4 Kh7
16. b4 Qc7 17. Re3 bxa5 18. Rxa5 Nb6 19. Rc5 Qd7 20. Rg3 Nc4 21. Qe2 Rac8 22.
h4 Nb2 23. Bxa6 Bxa6 24. Qxa6 Nc4 25. Rxc8 Rxc8 26. b5 Bxe5 27. Bxe5 Nxe5 28.
Nce2 Nc4 29. Rf3 Kg7 30. b6 e5 31. b7 Rf8 32. Ne6+ 1-0

[Event "Memorial Aldo Basile A"]
[Site "Napoli ITA"]
[Date "2007.07.05"]
[Round "5"]
[White "Della Ragione, Achille"]
[Black "Capozzoli, Silvio"]
[Result "1/2-1/2"]
[WhiteElo "2022"]
[BlackElo "1870"]
[PlyCount "136"]
[EventDate "2007.06.07"]

1. c4 e5 2. Nc3 c5 3. e4 Nc6 4. d3 d6 5. f4 Nf6 6. f5 g6 7. g4 gxf5 8. gxf5 Rg8
9. Nf3 Nd4 10. Nxd4 cxd4 11. Ne2 Ng4 12. Ng3 Qh4 13. Qe2 Bh6 14. Bxh6 Qxh6 15.
Bg2 Ne3 16. Bf3 Qh4 17. Qf2 Bd7 18. Rc1 Qg5 19. Ke2 Rc8 20. Rcg1 Qd8 21. Nf1
Rxg1 22. Rxg1 Qf6 23. Nxe3 dxe3 24. Qxe3 b6 25. Qg5 Ke7 26. Qxf6+ Kxf6 27. Rg3
d5 28. b3 dxc4 29. dxc4 b5 30. Kd3 bxc4+ 31. bxc4 Bc6 32. Rh3 Rd8+ 33. Kc3 Kg7
34. Rg3+ Kf6 35. Rg2 Rd4 36. Rg4 a5 37. Rh4 Kg7 38. a3 Bb7 39. Rg4+ Kf6 40. h4
Ba6 41. Be2 Bb7 42. Bd3 Bc8 43. Rg8 Bb7 44. h5 Bxe4 45. Bxe4 Rxe4 46. Ra8 Re3+
47. Kb2 Re2+ 48. Kb3 Re3+ 49. Ka4 Rc3 50. Rxa5 Rxc4+ 51. Kb5 Rc1 52. Ra6+ Kg5
53. Ra7 Kf6 54. a4 e4 55. Ra6+ Kxf5 56. Ra7 Kf6 57. Ra6+ Kg5 58. Ra7 Kxh5 59.
Rxf7 Kg6 60. Re7 Kf5 61. Rxh7 e3 62. Re7 Kf4 63. a5 Kf3 64. a6 e2 65. a7 Ra1
66. Kb6 Kf2 67. Rf7+ Ke3 68. Re7+ Kd2 1/2-1/2

[Event "Memorial Aldo Basile A"]
[Site "Napoli ITA"]
[Date "2007.07.05"]
[Round "5"]
[White "Gallo, Thomas Renato"]
[Black "Ricci, Giuseppe"]
[Result "1-0"]
[WhiteElo "1840"]
[BlackElo "1971"]
[PlyCount "53"]
[EventDate "2007.06.07"]

1. d4 d5 2. c4 c6 3. Nc3 Nf6 4. e3 Nbd7 5. Bd3 e5 6. cxd5 cxd5 7. dxe5 Nxe5 8.
Be2 Be7 9. Nf3 Nc6 10. Nb5 O-O 11. O-O a6 12. Nbd4 Bd7 13. Bd2 Ne4 14. a3 Bd6
15. Bd3 Ne5 16. Bc2 Bg4 17. Bc3 Ng5 18. h3 Ngxf3+ 19. Nxf3 Nxf3+ 20. gxf3 Bxh3
21. f4 Bxf1 22. Qh5 h6 23. Kxf1 Qd7 24. Ke2 d4 25. Rg1 Bxf4 26. Bxd4 Bg5 27.
Rxg5 1-0

[Event "Memorial Aldo Basile A"]
[Site "Napoli ITA"]
[Date "2007.07.05"]
[Round "5"]
[White "Schiappoli, Dario"]
[Black "Esposito, Rosario"]
[Result "1-0"]
[WhiteElo "1923"]
[BlackElo "1811"]
[PlyCount "75"]
[EventDate "2007.06.07"]

1. e4 c5 2. Nf3 e6 3. d4 cxd4 4. Nxd4 Nc6 5. Be3 a6 6. a3 Qc7 7. Nc3 Nf6 8. f4
d6 9. Be2 Be7 10. O-O O-O 11. Bf3 Bd7 12. g4 Na5 13. Qe1 Nc4 14. Bf2 Rac8 15.
g5 Ne8 16. Nf5 exf5 17. Nd5 Qd8 18. b3 Bxg5 19. bxc4 Bf6 20. e5 dxe5 21. fxe5
Bg5 22. Bb6 Nc7 23. Qa5 Bh4 24. Nxc7 Qg5+ 25. Kh1 Qh6 26. Bf2 b6 27. Qxb6 Qf4
28. Bxh4 Qxh4 29. Nd5 Rxc4 30. Qf2 Qh6 31. Qg2 f4 32. Nf6+ Kh8 33. Nxd7 Rfc8
34. Rab1 g6 35. Be4 f3 36. Rxf3 Rxe4 37. Rxf7 Rf4 38. Nf6 1-0

[Event "Memorial Aldo Basile A"]
[Site "Napoli ITA"]
[Date "2007.07.05"]
[Round "5"]
[White "Sorrentino, Michele"]
[Black "Radice, Mario"]
[Result "1-0"]
[WhiteElo "2017"]
[BlackElo "1988"]
[PlyCount "95"]
[EventDate "2007.06.07"]

1. Nf3 Nf6 2. d4 g6 3. Nbd2 Bg7 4. e4 d5 5. e5 Ng4 6. h3 Nh6 7. Bd3 Bf5 8. Qe2
e6 9. Bxf5 Nxf5 10. Qb5+ Nc6 11. c3 Rb8 12. O-O Qd7 13. Qe2 b6 14. Re1 Nce7 15.
Nf1 c5 16. Bf4 O-O 17. Qd2 Nc6 18. Ne3 Nxe3 19. Qxe3 Rfc8 20. Rac1 cxd4 21.
Nxd4 Na5 22. b3 Rc7 23. Rc2 Rbc8 24. Rec1 b5 25. Qd3 a6 26. Nf3 Nc6 27. Qd2 Qe7
28. c4 Nb4 29. Rc3 bxc4 30. bxc4 Rxc4 31. Rxc4 Rxc4 32. Rb1 Nc6 33. Rb6 a5 34.
Ra6 Qb7 35. Rxc6 Qxc6 36. Bg5 Qa4 37. Qb2 Qb4 38. Qe2 Qb1+ 39. Kh2 Qc2 40. Qe3
Re4 41. Qb6 Bxe5+ 42. Nxe5 Kg7 43. Ng4 h5 44. Bf6+ Kh7 45. Qd8 g5 46. Qh8+ Kg6
47. Qg7+ Kf5 48. Qxg5# 1-0